000 00457nam a22001817a 4500
003 CEME
005 20210628203249.0
008 210204b xxu||||| |||| 00| 0 eng d
020 _a9789350140765
040 _c.
082 _a621.3845 SHA
100 _aSharma, Vishnu
_964379
245 _aAdvanced mobile computing
260 _aINDIA
_bS.K. KATARIA & SONS
_c2010
300 _a367P
650 _aADVANCED MOBILE COMPUTING.
_964380
942 _cBK
_2ddc
999 _c572890
_d572890